Państwa słowiańskie - Quiz na mapie - Statystyki

Ogólne statystyki
  • Ten quiz został rozwiązany 25 razy
  • Średni wynik to 11 z 13
Odpowiedzi na mapie
Odpowiedzi zakodowano w zielono-czerwonej skali na mapie do tego quizu, zgodnie z poniższymi procentami.
 
Statystyki odpowiedzi
Odpowiedź % Poprawnych
Białoruś
94%
Czechy
94%
Polska
94%
Rosja
94%
Ukraina
94%
Chorwacja
88%
Słowacja
88%
Czarnogóra
81%
Macedonia Północna
81%
Bośnia i Hercegowina
75%
Bułgaria
75%
Serbia
75%
Słowenia
75%
Nie znaleziono quizów pasujących do podanych kryteriów
Rozkład punktacji
Procent ludzi z każdym wynikiem
Percentyl według liczby udzielonych odpowiedzi
Twoja historia wyników
Nie rozwiązałeś tego quizu